100 Most used Turkish words - Statistics

General Stats
  • This quiz has been taken 144 times
  • The average score is 46 of 100
Answer Stats
İpucu Answer % Correct
One Bir
88%
This Bu
88%
You Sen
88%
Hey
87%
What Ne
87%
Yes Evet
86%
I Ben
85%
No Hayır
85%
Very Çok
82%
Beautiful Güzel
82%
He/She/It O
82%
And Ve
82%
Good İyi
76%
But Ama
74%
Or Ya
74%
Me Beni
69%
We Biz
67%
De
66%
Ok Tamam
66%
My Benim
65%
Please Lütfen
65%
You Seni
65%
For İçin
63%
Big Büyük
62%
Her/His Onu
62%
After Sonra
62%
Day Gün
61%
Ki
61%
Hello Merhaba
60%
İ know Biliyorum
59%
Da
59%
Not Değil
58%
Night Gece
58%
How Nasıl
57%
Mr Bay
56%
Come Gel
56%
To Me Bana
55%
Your Senin
55%
Man Adam
54%
Because Çünkü
54%
Where Nerede
54%
That Şu
54%
Look Bak
53%
More Daha
53%
To You Sana
53%
Here Burada
52%
Meat Et
52%
Who Kim
52%
Not Yok
51%
Time Zaman
51%
I want İstiyorum
50%
Only Sadece
50%
Now Şimdi
50%
Help Yardım
50%
Before Önce
49%
There is Var
47%
Thanks Teşekkürler
46%
İts Onun
45%
Right Doğru
43%
Most En
41%
Come On Hadi
41%
Maybe Belki
39%
Really Gerçekten
37%
Like Gibi
37%
Each Her
37%
There Orada
35%
Someone Biri
34%
İf Eğer
33%
So Yani
33%
Back Geri
30%
Her/His Ona
28%
Other Başka
27%
Sir Efendim
27%
Mi
26%
26%
This Bunu
25%
Some Biraz
22%
Sorry Üzgünüm
22%
Here İşte
20%
Cuase Neden
20%
No More Artık
18%
So Öyle
18%
Was Oldu
16%
Only Tek
16%
Even Bile
15%
Such Böyle
15%
Up To Kadar
14%
Well Peki
14%
No Hiç
12%
Did Mu
11%
Will Olacak
11%
Well Şey
11%
Here Buraya
7%
I think Sanırım
6%
Will Olur
5%
As Olarak
4%
The Olan
2%
Are Misin
1%
Do Musun
0%
That Olduğunu
0%
No matching quizzes found
Score Distribution
Percent of People with Each Score
Percentile by Number Answered
Your Score History
You have not taken this quiz